000 00840nam a22002417a 4500
005 20180828125231.0
010 _aB-410486
020 _c400.00
035 _aB-410486
037 _bDisha Publications
082 _a000
100 _aBatra, Sunil
245 _aDisha's 32 years objective IIT-JEE topic wise solved papers :
_cby Sunil Batra ...[et.al]
_b1978-2009 /
250 _a5th ed.
260 _aNew Delhi
_bDisha Publications
_c2010
270 _aB-32, Shivalik Main Road, Malviya Nagar
_bNew Delhi
_e110017
300 _avarious paging
_c28 cm. (Hb)
700 _aAgarwal, O.P.
_917735
700 _aAgarwal, D. K.
_917736
700 _aBatra, Mamta
_917737
942 _2ddc
_cEN
_mBAT
_h000
999 _c156483
_d156483